[Event "Ron Banwell Masters"]
[Site "Blackpool ENG"]
[Date "2003.08.04"]
[Round "1"]
[White "Lund,B"]
[Black "Specht,J"]
[Result "1-0"]
[WhiteElo "2248"]
[BlackElo "2111"]

1.c4 b6 2.Nc3 Bb7 3.e4 e6 4.g3 Bb4 5.Nge2 f5 6.d3 fxe4 7.Bg2 Nf6 8.O-O O-O
9.dxe4 e5 10.a3 Be7 11.h3 d6 12.f4 Nbd7 13.f5 Nc5 14.Qc2 a5 15.Be3 Ne8 16.h4 Nf6
17.Bf3 h5 18.Nd5 Ng4 19.Bxg4 hxg4 20.Nec3 c6 21.Nxe7+ Qxe7 22.Rad1 Ba6 23.b4 axb4
24.axb4 Bxc4 25.bxc5 dxc5 26.Rf2 Ra3 27.Bc1 Bb3 28.Qb1 Ba2 29.Qd3 Bb1 30.Qc4+  1-0

[Event "Sunstar Park Open"]
[Site "Davos SUI"]
[Date "2003.08.07"]
[Round "6"]
[White "Antoniewski,R"]
[Black "Akermann,T"]
[Result "1-0"]
[WhiteElo "2499"]
[BlackElo "2119"]

1.c4 b6 2.Nc3 Bb7 3.e4 e6 4.a3 c5 5.g3 Nc6 6.Bg2 d6 7.Nge2 Nd4 8.d3 g6 9.Nxd4 cxd4
10.Nb5 e5 11.a4 a6 12.Na3 f5 13.O-O fxe4 14.dxe4 Nf6 15.Bg5 Be7 16.Bxf6 Bxf6
17.Qb3 Qc7 18.f4 Rf8 19.a5 Qc5 20.axb6 O-O-O 21.Kh1 Kb8 22.Nc2 Rc8 23.Ra4 Rc6
24.Qd3 Qxb6 25.fxe5 dxe5 26.Nb4 Rc5 27.Qa3 a5 28.Nd3 Be7 29.Ra1 Rc7 30.Qa2 Ba6
31.b3 Rb7 32.b4 Rc7 33.Rxa5 Bxc4 34.Rb5 Kc8 35.Qa8+ Kd7 36.Nxe5+  1-0

[Event "Sunstar Park Open"]
[Site "Davos SUI"]
[Date "2003.08.09"]
[Round "8"]
[White "Schuurman,P"]
[Black "Grooten,H"]
[Result "1-0"]
[WhiteElo "2303"]
[BlackElo "2402"]

1.c4 b6 2.d4 Bb7 3.d5 e6 4.a3 g6 5.g3 Bg7 6.Bg2 Ne7 7.Nh3 d6 8.O-O e5 9.Nc3 Nd7
10.e4 a5 11.Rb1 Ba6 12.Qe2 O-O 13.f4 exf4 14.gxf4 Bxc3 15.bxc3 f6 16.Bf3 Qe8
17.Kh1 Rf7 18.Rg1 Kh8 19.Be3 Nc5 20.Bd4 Qa4 21.Ng5 Rff8 22.Qf2 Ng8 23.Qh4 Qd7
24.Rg3 Bxc4 25.Rh3 h6 26.Rg1 Nb3 27.Ne6 Nxd4 28.Nxf8 Rxf8 29.cxd4 Kg7 30.Rhg3 Ne7
31.Qh5 Qe8 32.Rc1 b5 33.a4 Qd7 34.Bg2 g5 35.Rgc3 Ng6 36.axb5 Nxf4 37.Qf3 Ne2
38.Rxc4 Nxc1 39.Rxc1 Qxb5 40.Rxc7+ Rf7 41.Rxf7+ Kxf7 42.e5 Qb1+ 43.Bf1 f5
44.Kg1 a4 45.Qc3 Qb3 46.Qc7+ Kg8 47.Qd8+ Kg7 48.Qf6+ Kg8 49.Qg6+ Kf8 50.Qxh6+ Ke8
51.Qe6+ Kf8 52.Qxd6+ Kg7 53.Qf6+  1-0

[Event "HZ Open"]
[Site "Vlissingen NED"]
[Date "2003.08.09"]
[Round "9"]
[White "Meenakshi,S"]
[Black "Groffen,H"]
[Result "1-0"]
[WhiteElo "2319"]
[BlackElo "2192"]

1.c4 b6 2.Nc3 e6 3.d4 Bb4 4.Qc2 Bb7 5.Nf3 f5 6.g3 Nf6 7.Bg2 O-O 8.O-O a5
9.Bf4 Bxc3 10.Qxc3 Be4 11.Rfd1 Na6 12.a3 Qe7 13.b3 Rfc8 14.Bf1 Bb7 15.Bg2 Be4
16.Ne5 Bxg2 17.Kxg2 c6 18.f3 Nc7 19.b4 a4 20.Rac1 b5 21.Qd3 Qe8 22.cxb5 Nxb5
23.Nc4 Nd5 24.Be5 f4 25.Bxf4 Qe7 26.Bd2 Rf8 27.e4 Nf6 28.Bg5 h6 29.Bxf6 Qxf6
30.Ne5 Rad8 31.Rf1  1-0

[Event "Open"]
[Site "Vienna AUT"]
[Date "2003.08.20"]
[Round "5"]
[White "Stanec,N"]
[Black "Richter,Mic"]
[Result "1-0"]
[WhiteElo "2560"]
[BlackElo "2428"]

1.c4 b6 2.Nf3 Bb7 3.b3 Nf6 4.Bb2 e6 5.g3 Be7 6.Bg2 O-O 7.O-O c5 8.e3 d5 9.Qe2 dxc4
10.bxc4 Nbd7 11.d3 Qc7 12.Nbd2 Rfe8 13.Ne1 Rad8 14.Bxb7 Qxb7 15.f4 b5 16.Rb1 b4
17.g4 g6 18.e4 Nb8 19.e5 Nfd7 20.Ne4 Nc6 21.Nf3 Qc7 22.Rf2 a5 23.h4 Nd4 24.Bxd4 cxd4
25.g5 Nc5 26.Nxc5 Bxc5 27.Nd2 Kf8 28.Ne4 Ke7 29.h5 Rb8 30.Rh2 Qc6 31.Qg2 a4
32.Nf6 Qxg2+ 33.Kxg2 Rec8 34.Kf3 gxh5 35.Ne4 Kd7 36.Nxc5+ Rxc5 37.Rhb2 Kc6
38.Rxb4 Rxb4 39.Rxb4 Ra5 40.Kg3  1-0

[Event "Open"]
[Site "Vienna AUT"]
[Date "2003.08.20"]
[Round "5"]
[White "Stanec,N"]
[Black "Richter,Mic"]
[Result "1-0"]
[WhiteElo "2560"]
[BlackElo "2428"]

1.c4 b6 2.Nf3 Bb7 3.b3 Nf6 4.Bb2 e6 5.g3 Be7 6.Bg2 O-O 7.O-O c5 8.e3 d5 9.Qe2 dxc4
10.bxc4 Nbd7 11.d3 Qc7 12.Nbd2 Rfe8 13.Ne1 Rad8 14.Bxb7 Qxb7 15.f4 b5 16.Rb1 b4
17.g4 g6 18.e4 Nb8 19.e5 Nfd7 20.Ne4 Nc6 21.Nf3 Qc7 22.Rf2 a5 23.h4 Nd4 24.Bxd4 cxd4
25.g5 Nc5 26.Nxc5 Bxc5 27.Nd2 Kf8 28.Ne4 Ke7 29.h5 Rb8 30.Rh2 Qc6  1-0

[Event "Levy mem"]
[Site "Denver USA"]
[Date "2003.09.19"]
[Round "3"]
[White "Hanken,J"]
[Black "Kraai,J"]
[Result "0-1"]
[WhiteElo "2069"]
[BlackElo "2436"]

1.c4 b6 2.d3 Bb7 3.e4 e6 4.Nf3 d5 5.exd5 exd5 6.Qe2+ Be7 7.Nc3 Nf6 8.Bg5 O-O
9.O-O-O Re8 10.Qc2 d4 11.Bxf6 Bxf6 12.Ne4 Bxe4 13.dxe4 Nc6 14.Qa4 Qd6 15.Bd3 Nb4
16.Rhe1 Qf4+ 17.Kb1 Nxd3 18.Rxd3 Rxe4 19.Qc6 Rxe1+ 20.Nxe1 Rd8 21.Nf3 h6
22.g3 Qf5 23.Kc2 Rd7 24.Nd2 Re7 25.Qf3 Qe5 26.Qa8+ Kh7 27.Qc8 c5 28.f4 Qe2
29.Qf5+ Kg8 30.h4 Re3 31.h5 Be7 32.b4 cxb4 33.Qc8+ Bf8 34.Rxd4 Rc3+ 35.Kb2 Qd1  0-1

[Event "TCh-FIN 2003-4"]
[Site "Finland FIN"]
[Date "2003.09.20"]
[Round "1"]
[White "Parkkinen,J"]
[Black "Jouhki,Y"]
[Result "1/2-1/2"]
[WhiteElo "2268"]
[BlackElo "2302"]

1.c4 b6 2.Nf3 Bb7 3.b3 Nf6 4.Bb2 e6 5.Nc3 c5 6.e3 Be7 7.Be2 O-O 8.O-O d5
9.cxd5 Nxd5 10.Nxd5 Qxd5 11.d4 Bf6 12.Rb1 cxd4 13.Bxd4 Nd7 14.Bxf6 Nxf6 15.Rc1 Rac8
16.Qd4 Ne4 17.Qxd5 Bxd5 18.Ba6 Rxc1  1/2-1/2

[Event "zt 2.4"]
[Site "Sao Paulo BRA"]
[Date "2003.09.23"]
[Round "5"]
[White "Teixeira,R"]
[Black "Disconzi da Silva,R"]
[Result "1/2-1/2"]
[WhiteElo "2338"]
[BlackElo "2377"]

1.c4 b6 2.Nf3 Bb7 3.g3 Bxf3 4.exf3 c5 5.Bg2 Nc6 6.O-O g6 7.Nc3 Bg7 8.f4 Nh6
9.g4 f5 10.g5 Nf7 11.d3 h6 12.Re1 hxg5 13.fxg5 Qc7 14.h3 Bxc3 15.bxc3 Rh4
16.f4 O-O-O 17.Qf3 Rdh8 18.d4 Nd6 19.d5 Na5 20.Rxe7 Qd8 21.Re2 Naxc4 22.Be3 R4h7
23.Rae1 Ne4 24.Bc1 Ncd6 25.c4 Nxc4 26.d6 Ncxd6 27.Bb2 Re8 28.Be5 Nc4 29.Bf6 Qc7
30.Rxe4 fxe4 31.Rxe4 Nd6 32.Rxe8+ Nxe8 33.Qa8+ Qb8 34.Qe4 Nxf6 35.gxf6 Kc7
36.Qe5+ d6 37.Qd5 Kd7 38.h4 Qh8 39.Qc6+ Ke6 40.Bh3+ Kxf6 41.Qxd6+ Kg7 42.Qe7+ Kh6
43.Qg5+ Kg7 44.Qe7+  1/2-1/2

[Event "Tatry Open"]
[Site "Tatranske Zruby SVK"]
[Date "2003.09.28"]
[Round "2"]
[White "Vrbica,L"]
[Black "Priehoda,V"]
[Result "0-1"]
[WhiteElo "2116"]
[BlackElo "2372"]

1.c4 b6 2.Nc3 e6 3.Nf3 Bb7 4.g3 Bxf3 5.exf3 c5 6.Bg2 Nc6 7.b3 g6 8.Bb2 Bg7
9.O-O Nge7 10.d3 O-O 11.Qd2 Rb8 12.Rab1 d6 13.f4 Nd4 14.Nd1 b5 15.Bxd4 Bxd4
16.cxb5 Rxb5 17.Nc3 Bxc3 18.Qxc3 Nf5 19.Rfe1 Nd4 20.Rb2 a5 21.Rd2 Qf6 22.Qc1 Rfb8
23.Kf1 Rb4 24.Qa3 Qd8 25.Red1 a4 26.bxa4 Qa5 27.Qc3 Qxa4 28.h4 Rb2 29.Bh3 Qxa2
30.Bg4 h5 31.Be2 Nxe2 32.Kxe2 R8b3 33.Qf6 Rxd2+ 34.Rxd2 Qa8 35.Qe7 Qd5 36.Qe8+ Kg7
37.Qa4 Rb4 38.Qc2 Qd4 39.Ke1 Qd5 40.Ke2 Rd4 41.Qb2 e5 42.fxe5 dxe5 43.f3 Qd7
44.Qc1 Qd6 45.Qc3 Kh7 46.Ke3 e4 47.dxe4 Rxd2 48.Qxd2 Qxg3 49.Qd5 Kg7 50.Qd8 Qe5
51.f4 Qc3+ 52.Ke2 Qg3 53.Qd6 Qxh4 54.Kf3 Qh3+ 55.Kf2 Qc3 56.Qe7 Qd4+ 57.Kf3 c4
58.e5 Qd3+ 59.Kf2 Qf5 60.Ke3 c3 61.Qc7 c2 62.Qc6 g5 63.Qf6+ Qxf6 64.exf6+ Kg6
65.fxg5 c1=Q+  0-1

[Event "zt 3.1a"]
[Site "Dubai UAE"]
[Date "2003.10.10"]
[Round "7"]
[White "Taleb,M"]
[Black "Hassan,Ab"]
[Result "1-0"]
[WhiteElo "2399"]
[BlackElo "2359"]

1.c4 b6 2.Nf3 Bb7 3.e3 e6 4.b3 Nf6 5.Bb2 Be7 6.d4 O-O 7.Nc3 Ne4 8.Nxe4 Bxe4
9.Nd2 Bg6 10.Be2 c5 11.dxc5 Bxc5 12.Bf3 Nc6 13.O-O Qc7 14.Be4 f5 15.Bc2 Rae8
16.a3 a5 17.Qe2 Ne5 18.Nf3 Ng4 19.h3 Nf6 20.Ne5 Bh5 21.Qd2 Bd6 22.f4 Be7
23.Rac1 Rd8 24.Bd3 Qb7 25.b4 axb4 26.axb4 Ne4 27.Bxe4 Qxe4 28.Bd4 d6 29.Nd3 Rb8
30.Nf2 Qc6 31.Rfe1 Bh4 32.Rf1 Rbe8 33.c5 bxc5 34.bxc5 Rc8 35.cxd6 Qxd6 36.Qb2 Rxc1
37.Rxc1 Rb8 38.Qc3 Ra8 39.Nd3 Qd5 40.Bxg7 Ra2 41.Nb2 Be8 42.Bd4 Ra6 43.Qc7 Qd7
44.Qe5  1-0

[Event "Arctic Cup u16"]
[Site "Salekhard RUS"]
[Date "2003.10.10"]
[Round "8"]
[White "Vyatkin,D"]
[Black "Lysyj,I"]
[Result "1/2-1/2"]
[WhiteElo "2116"]
[BlackElo "2470"]

1.c4 b6 2.Nf3 Bb7 3.g3 e6 4.Bg2 Nf6 5.O-O Be7 6.Nc3 O-O 7.d4 Na6 8.b3 c5
9.d5 d6 10.Ne1 exd5 11.Nc2 Nc7 12.Ne3 Re8 13.Bb2 Bf8 14.Re1 Rxe3 15.fxe3 Qe7
16.Qd3 Ng4 17.cxd5 Qxe3+ 18.Qxe3 Nxe3 19.Rac1 Nxg2 20.Kxg2 Nxd5 21.Nxd5 Bxd5+
22.Kf2 f6 23.Rc2 a5 24.Rd1 Be4 25.Rcd2 b5 26.Rxd6 Bxd6 27.Rxd6 Bb1 28.a3 a4
29.bxa4 Rxa4 30.Rb6 b4 31.axb4 Rxb4 32.Rxb4 cxb4 33.Ke3 Kf7 34.Kd4 Bc2 35.e4 Ke6
36.Bc1 Kd6 37.Bd2 b3 38.Bc1 Bd1 39.Ba3+ Ke6 40.Bb2 Bf3 41.Ke3 Bh5 42.Kd4 Bf7
43.Ba3 Kd7 44.Kc3 Be6 45.Bf8 g6 46.Bc5 Ke8 47.Bd4 Kf7 48.Kd2 g5 49.Ke3 Kg6
50.Kf3 Bh3 51.Bb2 h5 52.Ke3 h4 53.gxh4 gxh4 54.Kf4 Bd7 55.Bc1 Kf7 56.Bb2 Be6
57.Bc3 h3 58.Bb2 Kg6 59.Bc3 f5 60.exf5+ Bxf5 61.Ke3  1/2-1/2

[Event "LXVIII ch-ESP Abierto"]
[Site "Burgos ESP"]
[Date "2003.10.24"]
[Round "1"]
[White "Perez Candelario,Man"]
[Black "Sanchez Martin,V"]
[Result "1-0"]
[WhiteElo "2463"]
[BlackElo "2118"]

1.c4 b6 2.Nf3 Bb7 3.Nc3 Nf6 4.g3 e6 5.Bg2 Be7 6.O-O O-O 7.d4 d5 8.b3 dxc4
9.bxc4 c5 10.d5 exd5 11.Nh4 Ne4 12.Nxd5 Bxd5 13.cxd5 Bf6 14.Bf4 Re8 15.Qd3 Bxa1
16.Rxa1 Qf6 17.Rc1 Nd7 18.Bxe4 g5 19.Bxh7+ Kh8 20.Bf5 Nf8 21.Bd2 Kg8 22.Nf3  1-0

[Event "3rd Rohde Open"]
[Site "Sautron FRA"]
[Date "2003.10.30"]
[Round "6"]
[White "Serafimov,Di"]
[Black "Kengis,E"]
[Result "0-1"]
[WhiteElo "2219"]
[BlackElo "2572"]

1.c4 b6 2.Nc3 Bb7 3.e4 e6 4.g3 f5 5.Bg2 Nf6 6.d3 fxe4 7.Nge2 Nc6 8.dxe4 Ne5
9.b3 Bc5 10.h3 O-O 11.O-O Qe8 12.Nf4 g5 13.Nd3 Bd4 14.Bb2 d6 15.Qe2 Qh5 16.Qxh5 Nxh5
17.Ne2 Bxb2 18.Nxb2 Nf6 19.Nc3 Rf7 20.Rad1 Raf8 21.Nd3 Nfd7 22.Nxe5 Nxe5
23.Nb5 a6 24.Nd4 Bc8 25.Rd2 h5 26.f3 h4 27.Kh2 Kg7 28.gxh4 gxh4 29.Bh1 Kh6
30.Rdf2 c5 31.Nc2 Bb7 32.Kg1 Nd3 33.Ne3 Nxf2 34.Rxf2 Kg5 35.Rg2+ Kf6 36.Ng4+ Ke7
37.Rf2 b5 38.Bg2 Bc6 39.Re2 bxc4 40.bxc4 Rb8 41.Rf2 Rb1+ 42.Kh2 Rf4 43.Rc2 Rf8
44.Nf2 Rfb8 45.Nd3 e5 46.Rd2 a5 47.f4 exf4 48.Bf3 Rg8 49.Nxf4 Rf1 50.Rd3 Rg3  0-1

[Event "FSGM November"]
[Site "Budapest HUN"]
[Date "2003.11.10"]
[Round "10"]
[White "Nguyen Ngoc Truongson"]
[Black "Ionescu,M"]
[Result "0-1"]
[WhiteElo "2417"]
[BlackElo "2366"]

1.c4 b6 2.Nc3 Bb7 3.e4 e6 4.d4 Bb4 5.Bd3 f5 6.d5 fxe4 7.Bxe4 Nf6 8.Bg5 exd5
9.Bxd5 Bxd5 10.cxd5 O-O 11.Ne2 Bxc3+ 12.bxc3 Na6 13.O-O Nc5 14.Ng3 h6 15.Be3 Nfe4
16.Nxe4 Nxe4 17.Bxh6 Nxc3 18.Qd3 Qf6 19.Be3 c6 20.dxc6 dxc6 21.Qc4+ Nd5 22.Rac1 Rac8
23.h4 Qf7 24.Bg5 c5 25.a3 Rfe8 26.Rfd1 Nf6 27.f3 Qxc4 28.Rxc4 Rcd8 29.Rb1 Rd3
30.a4 Nd5 31.a5 Nb4 32.axb6 axb6 33.Kf2 Rd5 34.Rcxb4 cxb4 35.Rxb4 b5 36.g4 Rc8
37.Rb2 Kf7 38.Bd2 Rc4 39.Ke1 Ra4 40.h5 Ra1+ 41.Ke2 Rh1 42.Ke3 Rh2 43.f4 b4  0-1

[Event "ch-IND A Women"]
[Site "Calicut IND"]
[Date "2003.11.10"]
[Round "3"]
[White "Rajalakshmi,C"]
[Black "Vijayalakshmi,S"]
[Result "0-1"]
[WhiteElo "2092"]
[BlackElo "2426"]

1.c4 b6 2.Nc3 Bb7 3.e4 e6 4.Nf3 c5 5.d4 cxd4 6.Nxd4 a6 7.Nc2 d6 8.Be3 Nd7
9.f3 Ngf6 10.Be2 Be7 11.O-O O-O 12.Nd4 Qb8 13.Qd2 Rc8 14.Rfd1 Bd8 15.Nc2 Bc7
16.Bf4 Ne8 17.Kh1 Ne5 18.Bg3 Nd7 19.Ne3 Bc6 20.Nc2 Ra7 21.Rac1 Ndf6 22.h3 Ba8
23.Nb4 Qb7 24.Bh2 Bb8 25.Qe3 Nd7 26.b3 Nc5 27.Nd3 Qe7 28.Nxc5 dxc5 29.Bxb8 Rxb8
30.Rd2 Rd8 31.Rcd1 Rad7 32.Na4 Rxd2 33.Rxd2 Rxd2 34.Qxd2 Qc7 35.Nc3 Bc6 36.a4 Kf8
37.f4 Nd6 38.Bf3 Nb7 39.Bd1 Na5 40.Bc2 Ke7 41.Kg1 h6 42.Kf2 Bb7 43.Ne2 Nc6
44.Bb1 Nb4 45.Nc3 Nc6 46.Ne2 Ke8 47.Bc2 Qe7 48.Kg1 g5 49.Qc3 gxf4 50.Nxf4 Nd4
51.Bb1 e5  0-1

[Event "FSGM November"]
[Site "Budapest HUN"]
[Date "2003.11.12"]
[Round "12"]
[White "Nguyen Ngoc Truongson"]
[Black "Wittmann,W"]
[Result "1-0"]
[WhiteElo "2417"]
[BlackElo "2333"]

1.c4 b6 2.Nc3 Bb7 3.e4 e6 4.d4 Bb4 5.f3 Ne7 6.Bd3 Nbc6 7.Ne2 Bxc3+ 8.bxc3 d6
9.O-O Qd7 10.Be3 Na5 11.d5 e5 12.f4 c5 13.fxe5 dxe5 14.Ng3 f6 15.Qh5+ Ng6
16.Be2 Qf7 17.Nf5 Rd8 18.Qh3 Ba6 19.Bh5 Rd7 20.Rf3 Rf8 21.Rg3 Nxc4 22.Be2 Nxe3
23.Bxa6 Nxf5 24.Qxf5 Kd8 25.a4 Ke7 26.Bb5 Rb7 27.Bc6 Rc7 28.d6+ Kxd6 29.Bb5 Re7
30.Rd3+ Kc7 31.Rad1 Rc8 32.Rd7+ Kb8 33.Ba6 Rxd7 34.Rxd7 Qe8 35.Bxc8  1-0

[Event "TCh-SLO"]
[Site "Celje SLO"]
[Date "2003.11.17"]
[Round "2"]
[White "Ivacic,V"]
[Black "Tratar,M"]
[Result "0-1"]
[WhiteElo "2243"]
[BlackElo "2452"]

1.c4 b6 2.Nc3 Bb7 3.e4 e6 4.Nf3 Bb4 5.d3 Ne7 6.Be2 O-O 7.O-O Ng6 8.Be3 Bxc3
9.bxc3 d6 10.Rb1 e5 11.Qd2 Nd7 12.Ne1 f5 13.f3 Qe7 14.Nc2 f4 15.Bf2 c5 16.d4 Bc6
17.Rfd1 Nf6 18.Bf1 Ba4 19.Rdc1 h6 20.Ne1 Nh7 21.Nd3 Rac8 22.Nb2 Bc6 23.Rd1 Rfd8
24.a4 a5 25.Qc2 Ng5 26.dxc5 bxc5 27.Nd3 Nf8 28.Rb6 Qc7 29.Rbb1 Nge6 30.Ra1 Nd7
31.Ra2 Rb8 32.Nb2 Nf6 33.Rd2 Be8 34.Qd1 Rb6 35.Nd3 Rdb8 36.Rab2 Rxb2 37.Rxb2 Rxb2
38.Nxb2 Qb8 39.Qc2 g5 40.Be2 Bc6 41.Bd1 g4 42.Bh4 Ng5 43.Bxg5 hxg5 44.Qb3 Qxb3
45.Bxb3 gxf3 46.gxf3 g4  0-1

[Event "1st GM"]
[Site "Kish IRI"]
[Date "2003.12.16"]
[Round "6"]
[White "Mallahi,A"]
[Black "Bojkov,D"]
[Result "0-1"]
[WhiteElo "2382"]
[BlackElo "2398"]

1.c4 b6 2.Nc3 Bb7 3.e4 e6 4.a3 c5 5.Nf3 Nf6 6.e5 Ne4 7.Ne2 Ng5 8.Nxg5 Qxg5
9.d4 Qh5 10.Bf4 Nc6 11.dxc5 Bxc5 12.b4 Be7 13.Qd2 Rd8 14.O-O-O g5 15.Bg3 a5
16.Nd4 Nxd4 17.Qxd4 axb4 18.Qxb6 Bc6 19.axb4 Ra8 20.Bd3 O-O 21.b5 Bxg2 22.Rhg1 Ra2
23.Kb1 Rfa8 24.Qd4 Qf3 25.Rge1 Bb4 26.Qe4 Qxe4 27.Bxe4 Bxe4+ 28.Rxe4 Bc3
29.Kc1 Rb2  0-1

[Event "19th Winter Open"]
[Site "Nice FRA"]
[Date "2003.12.28"]
[Round "5"]
[White "Komljenovic,D"]
[Black "Theon,P"]
[Result "1-0"]
[WhiteElo "2440"]
[BlackElo "2203"]

1.c4 b6 2.Nc3 Bb7 3.d4 e6 4.a3 g6 5.e4 Bg7 6.Nf3 Ne7 7.h4 h6 8.d5 a5 9.Be3 Na6
10.Bd4 f6 11.Nb5 d6 12.Bc3 Nc5 13.Bd3 e5 14.Bc2 f5 15.exf5 gxf5 16.h5 O-O
17.Nh4 Ba6 18.g4 Bxb5 19.cxb5 Qd7 20.gxf5 Qxb5 21.Rg1 Qc4 22.Ng6 Nxg6 23.Rxg6 Rf7
24.Qf3 Nd7 25.O-O-O Kh8 26.Rdg1 Nf6 27.Qe3 Kh7 28.Qg3 Qf4+ 29.Qxf4 exf4 30.Re1 Kg8
31.Re6 Raf8 32.Kd2 Nxh5 33.Ke2 Nf6 34.Kf3 Nxd5 35.Ke4  1-0

[Event "Open"]
[Site "Praha CZE"]
[Date "2004.01.18"]
[Round "3"]
[White "Vokac,M"]
[Black "Bores,R"]
[Result "1-0"]
[WhiteElo "2460"]
[BlackElo "2220"]

1.c4 b6 2.Nc3 e6 3.e4 Bb7 4.Bd3 Bb4 5.Nf3 Bxc3 6.dxc3 d6 7.Nd4 c5 8.Nc2 Nd7
9.Ne3 Ne7 10.Bc2 Nf6 11.f3 O-O 12.O-O Qc7 13.Bd2 d5 14.cxd5 exd5 15.exd5 Nfxd5
16.Nxd5 Bxd5 17.Qe1 Ng6 18.Qf2 Rfe8 19.b3 Re7 20.Rfe1 Rae8 21.Rxe7 Qxe7 22.Re1 Qd8
23.Rxe8+ Qxe8 24.Qe3 Qxe3+ 25.Bxe3 Kf8 26.Kf2 Ke7 27.h4 h6 28.h5 Nf8 29.Bf4 Kd7
30.Bd3 Ne6 31.Bd2 Kd6 32.Ke3 Bc6 33.Be1 a5 34.a3 Bd5 35.b4 cxb4 36.Bc2 Kc6
37.Ba4+ b5 38.Bc2 a4 39.g4 f6 40.f4 Nd8 41.Bd2 Kd6 42.Kf2  1-0

[Event "Open"]
[Site "Praha CZE"]
[Date "2004.01.21"]
[Round "7"]
[White "Krischke,A"]
[Black "Wiley,To"]
[Result "1/2-1/2"]
[WhiteElo "2125"]
[BlackElo "2295"]

1.c4 b6 2.e4 Bb7 3.Nc3 e6 4.d3 c5 5.g3 a6 6.Bg2 Nf6 7.Bg5 Be7 8.Nge2 d6 9.O-O O-O
10.f4 h6 11.Bxf6 Bxf6 12.Qd2 Nc6 13.Kh1 Rb8 14.Ng1 Nd4 15.Nce2 b5 16.Nxd4 Bxd4
17.cxb5 axb5 18.Nf3 Bf6 19.g4 b4 20.g5 hxg5 21.fxg5 Be5 22.Nxe5 dxe5 23.Rac1 Rc8
24.h4 Ba6 25.Rf3 Qe7 26.Qf2 c4 27.dxc4 Rxc4 28.Rxc4 Bxc4 29.a3 bxa3 30.bxa3 Rc8
31.Qg3 Qc5 32.Qf2 Qxf2  1/2-1/2

[Event "TCh-FRA Nat1 GpA"]
[Site "Nancy FRA"]
[Date "2004.01.30"]
[Round "1"]
[White "Pelletier,Y"]
[Black "Philippe,C"]
[Result "1-0"]
[WhiteElo "2587"]
[BlackElo "2358"]

1.c4 b6 2.d4 Bb7 3.Nc3 e6 4.a3 f5 5.d5 Nf6 6.g3 g6 7.Bg2 Bg7 8.Nf3 O-O 9.O-O Na6
10.Be3 Nc5 11.Rc1 Nce4 12.Bd4 c5 13.dxc6 dxc6 14.Qa4 c5 15.Be5 Qe7 16.Rcd1 Rfd8
17.Rxd8+ Qxd8 18.Ng5 Nxc3 19.Bxc3 Bxg2 20.Kxg2 Qe8 21.Qxe8+ Rxe8 22.Rd1 Re7
23.f4 Ne8 24.Bxg7 Kxg7 25.Nf3 Nf6 26.Ne5 Ne4 27.g4 fxg4 28.Nxg4 Rb7 29.Ne5 b5
30.cxb5 Rxb5 31.Rd7+ Kg8 32.Nc4 Nf6 33.Rxa7 Nd5 34.e3 Rb3 35.Kf2 Nf6 36.Ke2 h5
37.Re7  1-0

[Event "9th HIT Open"]
[Site "Nova Gorica SLO"]
[Date "2004.01.30"]
[Round "1"]
[White "Zakharchenko,A"]
[Black "Kengis,E"]
[Result "0-1"]
[WhiteElo "2356"]
[BlackElo "2572"]

1.c4 b6 2.d4 Bb7 3.Nc3 e6 4.a3 f5 5.Nf3 Nf6 6.Bf4 Be7 7.h3 O-O 8.e3 Ne4 9.Nxe4 fxe4
10.Nd2 c5 11.dxc5 bxc5 12.Qc2 d5 13.O-O-O Qb6 14.f3 Nc6 15.cxd5 exd5 16.fxe4 Nd4
17.Qc3 Bf6 18.e5 Be7 19.Kb1 Ne6 20.Bg3 c4 21.e4 d4 22.Qxc4 Bxa3 23.Qa2 Bb4
24.Bc4 Rfe8 25.Bb3 Bxd2 26.Rxd2 Bxe4+  0-1

[Event "US Amateur Team East"]
[Site "Parsippany USA"]
[Date "2004.02.15"]
[Round "3"]
[White "Bonin,J"]
[Black "Gueler,S"]
[Result "1-0"]
[WhiteElo "2330"]
[BlackElo "2245"]

1.c4 b6 2.d4 e6 3.Nf3 Nf6 4.g3 Bb4+ 5.Bd2 Qe7 6.Bg2 Bb7 7.O-O Bxd2 8.Qxd2 d6
9.Nc3 Ne4 10.Nxe4 Bxe4 11.c5 Nd7 12.cxd6 cxd6 13.Rfc1 O-O 14.Rc7 Rfc8 15.Rac1 Qd8
16.Qc3 Bb7 17.Nd2 d5 18.Nf3 Nf6 19.Ne5 Ne8 20.Rxb7 Rxc3 21.Rxc3 Qd6 22.a3 f6
23.Rc6 Qf8 24.Bh3 fxe5 25.Bxe6+ Kh8 26.Rf7 Qg8 27.Rf3 e4 28.Rf4 g5 29.Bxg8 gxf4
30.Bxd5 fxg3 31.hxg3 Rd8 32.Bxe4 Rxd4 33.Bd3  1-0

[Event "5th Montenegro Open"]
[Site "Sozina SCG"]
[Date "2004.02.23"]
[Round "6"]
[White "Konjevic,Djordje"]
[Black "Tratar,M"]
[Result "0-1"]
[WhiteElo "2338"]
[BlackElo "2464"]

1.c4 b6 2.Nf3 Bb7 3.b3 e6 4.Bb2 f5 5.g3 Nf6 6.Bg2 g6 7.d3 Bg7 8.Nbd2 O-O
9.O-O Qe7 10.a3 d6 11.b4 Nbd7 12.Qc2 e5 13.Nb3 c5 14.bxc5 dxc5 15.a4 a5 16.Nbd2 Rab8
17.Ne1 e4 18.dxe4 Nxe4 19.Nxe4 fxe4 20.Bxg7 Qxg7 21.Rd1 Qe7 22.Qc3 Bc6 23.Qb3 Nf6
24.Nc2 Qe8 25.Ra1 Qe6 26.Ne3 Rfd8 27.Rfd1 Be8 28.Nd5 Nxd5 29.cxd5 Qe5 30.Qc4 b5
31.axb5 Bxb5 32.Qxe4 Qxe4 33.Bxe4 Bxe2 34.Rd2 Bc4 35.Rxa5 Rbc8 36.d6 Be6
37.Ra7 c4 38.Re7 c3 39.Re2 Bc4 40.Re1 Rxd6 41.Rc1 Bb3 42.Bc2 Bf7 43.Re3 Rdc6
44.Kf1 R8c7 45.Ke1 Kg7 46.f4 Kf6  0-1

[Event "ch-BRA"]
[Site "Rio de Janeiro BRA"]
[Date "2004.03.02"]
[Round "8"]
[White "Ueti,S"]
[Black "Guimaraes,W"]
[Result "0-1"]
[WhiteElo "2315"]
[BlackElo "2237"]

1.c4 b6 2.e4 e6 3.d4 Bb7 4.Bd3 f5 5.Nc3 Bb4 6.Qh5+ g6 7.Qe2 Nf6 8.Bg5 h6
9.Bxf6 Qxf6 10.Nf3 c5 11.O-O cxd4 12.Nb5 Na6 13.a3 Be7 14.e5 Qg7 15.Nfxd4 O-O
16.b4 Rfc8 17.Rfd1 Nb8 18.Qe1 a6 19.Nc3 Bd8 20.Ra2 Bc7 21.Re2 Nc6 22.Nxc6 Bxc6
23.Bc2 b5 24.Bb3 Bb8 25.a4 bxc4 26.Bxc4 Bxg2 27.Bxe6+ dxe6 28.Kxg2 Qb7+ 29.f3 Qxb4
30.Nd5 Qxe1 31.Nf6+ Kf8 32.Rexe1 Ra7 33.Re2 Ke7 34.f4 Rd8 35.Red2 Rxd2+ 36.Rxd2 Rb7
37.Ng8+ Kf7 38.Rd8 g5 39.Nxh6+ Kg6 40.fxg5 Kxg5 41.Nf7+ Kf4 42.h4 Bxe5 43.Ng5 Rb2+
44.Kf1 Ke3 45.Re8 Rf2+ 46.Kg1 Bh2+ 47.Kh1 e5 48.Ra8 Bg3 49.Rxa6 Rh2+ 50.Kg1 Rxh4
51.Ne6 Bh2+ 52.Kg2 Rg4+  0-1

[Event "It"]
[Site "Pinamar ARG"]
[Date "2004.03.24"]
[Round "11"]
[White "Tempone,M"]
[Black "Garcia Palermo,C"]
[Result "1/2-1/2"]
[WhiteElo "2438"]
[BlackElo "2443"]

1.c4 b6 2.d4 e6 3.e4 Bb4+ 4.Bd2 Bxd2+ 5.Qxd2 Nh6 6.Nc3 O-O 7.Nf3 Bb7 8.Be2 d6
9.O-O Nd7 10.d5 a5 11.Nd4 e5 12.Nc2 Nc5 13.Ne3 Bc8 14.Rad1 Bd7 15.f3 f5 16.exf5 Nxf5
17.Nxf5 Rxf5 18.f4 Rxf4 19.Rxf4 exf4 20.Qxf4 Qe7 21.Rf1 a4 22.Rf2 Re8 23.Bf1 g5
24.Qf3 Kg7 25.h3 h6 26.Re2 Qf6 27.Qxf6+ Kxf6 28.Rxe8 Bxe8 29.Kf2 Ke5 30.Ke3 c6
31.Be2 cxd5 32.Nxd5 Bc6 33.Nxb6 Bxg2 34.Bg4 Bc6 35.Bd1 Be8 36.b4 axb3 37.axb3 Na6
38.Bg4 Nb4 39.Kd2 Kd4 40.Nc8 d5 41.cxd5 Nxd5 42.Nd6 Bg6  1/2-1/2

[Event "6th Foxwoods Open"]
[Site "Connecticut USA"]
[Date "2004.04.08"]
[Round "3"]
[White "Coleman,T"]
[Black "Watson,J"]
[Result "1/2-1/2"]
[WhiteElo "2254"]
[BlackElo "2361"]

1.c4 b6 2.Nc3 Bb7 3.d4 e6 4.Qc2 g6 5.e4 Bg7 6.Be3 Ne7 7.Bd3 Nbc6 8.Nge2 Nb4
9.Qd2 Nxd3+ 10.Qxd3 O-O 11.O-O d6 12.Rad1 Qd7 13.h4 Ba6 14.b3 d5 15.Ng3 f5
16.exf5 exf5 17.Bf4 Rad8 18.Nge2 dxc4 19.bxc4 Nc6 20.d5 Ne5 21.Bxe5 Bxe5
22.Nd4 Rfe8 23.Rfe1 Qg7 24.Ncb5 Bxb5 25.Nxb5 c6 26.Na3 cxd5 27.cxd5 Bd6 28.Nc4 Qf6
29.Nxd6 Rxe1+ 30.Rxe1 Qxd6 31.h5 Kf7 32.Rd1 Rd7 33.h6 Kf6 34.Qc3+ Kg5 35.Rd4 f4
36.Qd2 Kxh6 37.Rxf4 Kg7 38.Rd4 Re7 39.g3 Re5 40.Kg2 Kf7 41.Qd3 Re7 42.Re4 Rxe4
43.Qxe4 b5 44.Kg1  1/2-1/2

[Event "Asian U16b"]
[Site "Tehran IRI"]
[Date "2004.04.08"]
[Round "8"]
[White "Arun Prasad,S"]
[Black "Sengupta,D"]
[Result "1-0"]
[WhiteElo "2334"]
[BlackElo "2381"]

1.c4 b6 2.Nc3 Bb7 3.Nf3 e6 4.g3 f5 5.Bg2 Nf6 6.O-O Be7 7.d3 O-O 8.e4 fxe4
9.Ng5 Kh8 10.dxe4 e5 11.f4 Nc6 12.Kh1 Bc5 13.Nd5 h6 14.Nh3 d6 15.g4 Bc8 16.f5 g5
17.Nxg5 hxg5 18.Bxg5 Nxd5 19.Bxd8 Ne3 20.Qd2 Nxd8 21.Rf3 Nf7 22.Rh3+ Kg7
23.Rxe3 Bxe3 24.Qxe3 Kf6 25.h4 Rh8 26.g5+ Kg7 27.Qg3  1-0

[Event "ch-city"]
[Site "Berlin GER"]
[Date "2004.04.09"]
[Round "1"]
[White "Lukaszewski,M"]
[Black "Richter,Mic"]
[Result "0-1"]
[WhiteElo "2229"]
[BlackElo "2424"]

1.c4 b6 2.Nc3 Bb7 3.e4 e6 4.Nf3 Bb4 5.Bd3 Ne7 6.a3 Bxc3 7.dxc3 O-O 8.O-O Ng6
9.Ng5 h6 10.Nh3 d6 11.Qe2 Nd7 12.f4 a5 13.a4 Qe7 14.Bd2 Nc5 15.Bc2 f5 16.Nf2 Rae8
17.b4 Nxe4 18.Nxe4 Bxe4 19.Bxe4 fxe4 20.Qxe4 Qf7 21.Qc6 Re7 22.c5 bxc5 23.bxc5 d5
24.Qb5 Qf5 25.c6 Ref7 26.Rae1 h5 27.c4 Qd3 28.Rxe6 Qxd2  0-1

[Event "Corsica Hotels Masters"]
[Site "Bastia FRA"]
[Date "2004.04.30"]
[Round "7"]
[White "Vilaisarn,A"]
[Black "Sulava,N"]
[Result "1/2-1/2"]
[WhiteElo "2156"]
[BlackElo "2478"]

1.c4 b6 2.Nc3 Bb7 3.d3 e6 4.Nf3 Bb4 5.e3 Bxc3+ 6.bxc3 f5 7.Be2 Nf6 8.O-O O-O
9.a4 c5 10.a5 d6 11.axb6 axb6 12.Rxa8 Bxa8 13.Bd2 Nbd7 14.Ng5 Re8 15.Bf3 h6
16.Bxa8 Qxa8 17.Nf3 Qa2 18.Qb1 Qxb1 19.Rxb1 Ra8 20.Kf1 Ra2 21.Ke2 Kf7 22.Ne1 e5
23.f3 e4 24.d4 Ke6 25.Kd1 Ra4 26.Nc2 Rxc4 27.Ra1 Nd5 28.Na3 Ra4 29.c4 Nc7
30.Kc2 b5 31.Kb3 Ra8 32.fxe4 bxc4+ 33.Kb2 fxe4 34.dxc5 Rb8+ 35.Kc2 d5 36.Ba5 Rc8
37.c6 Ne5 38.Bxc7 Rxc7 39.Nb5 Rxc6 40.Nd4+ Kd6 41.Nxc6 Nxc6 42.Ra8 Ne7 43.g4 Nc6
44.Rg8 Ke5 45.Rxg7 d4 46.exd4+ Nxd4+ 47.Kc3 Nf3 48.Kxc4 Nxh2 49.Rg6 Kf4 50.Rxh6 Nxg4
51.Re6 Ne3+ 52.Kd4 Nf5+ 53.Kc3 Kf3 54.Rxe4 Kxe4  1/2-1/2